| 000 | 00910nam a2200217Ii 4500 | ||
|---|---|---|---|
| 003 | JO-AjNU | ||
| 008 | 230605s9999||||xx |||||||||||||| ||und|| | ||
| 017 | _a2012/12/4782 | ||
| 020 | _a978-9957-49-050-8 | ||
| 040 |
_aJO-AjNU _bara _erda _cJO-AjNU |
||
| 041 | _aara | ||
| 050 | 1 | 4 | _aPJ7760.B38.F39 2013 |
| 100 | 3 |
_aتحقيق الربابعة، حسن محمد, _eauthor _959565 |
|
| 245 | 0 | 0 | _aفيض الفضل وجمع الشمل: دراسة في ديوان شعر للشاعرة عائشة الباعونية(866-923هـ) |
| 264 | 3 | 1 | _aعمان: وزارة الثقافة، 2013 |
| 300 |
_a505ص _bعجلون مدينة الثقافة الاردنية ، 2013 |
||
| 336 |
_atext _btxt _2rdacontent |
||
| 337 |
_aunmediated _bn _2rdamedia |
||
| 338 |
_avolume _bnc _2rdacarrier |
||
| 650 | 4 |
_aالشعر العربي-العصر المملوكي-تاريخ ونقد- عائشة الباعونية _959566 |
|
| 999 |
_aA26811 _c30379 _d30379 |
||